| 000 | 02310cam a22004694i 4500 | ||
|---|---|---|---|
| 003 | PE-LiUPU | ||
| 005 | 20250731173424.0 | ||
| 008 | 150706s2010 xxu r 000 0 spa d | ||
| 020 | _a9780311043026 | ||
| 035 | _a(Sirsi) i9780311043026 | ||
| 040 |
_aPE-LiUPU _bspa _cPE-LiUPU _erda |
||
| 049 | _aPRUA | ||
| 082 | 0 | 4 |
_a226 _bR542010 _221 |
| 100 | 1 |
_aRobertson, A. T., _eautor. |
|
| 245 | 1 | 4 |
_aUna armonía de los cuatro evangelios / _cA. T. Robertson. |
| 250 | _aVigésima edición. | ||
| 264 | 1 |
_aEl Paso, Texas : _bEditotial Mundo Hispano, _c2010. |
|
| 300 |
_a259 páginas ; _c21 centímetros |
||
| 336 |
_atext _2rdacontent |
||
| 337 |
_aunmediated _2rdamedia |
||
| 338 |
_avolume _2rdacarrier |
||
| 505 | 0 | _aCrítica sinóptica -- El autor del cuarto evangelio -- El Jesús de la historia -- Las dos genealogías de Cristo -- La época probable del nacimiento del salvador -- La fiesta de Juan 5:1, y la duración del ministerio de nuestro Señor -- Las cuatro listas de los Doce Apóstoles -- El sermón del monte -- La combinación de Lucas y Juan -- ¿Comió Cristo la Pascua? -- La hora de la Crucifixión -- El tiempo de la resurrección de Cristo -- Duración de la permanencia del Señor de la Tumba -- Lista de las parábolas de Jesús -- Lista de los milagros de Jesús -- Lista de las citas del Antiguo Testamento en los Evangelios -- Lista de algunas sentencias no canónica de Jesús -- Incidentes semejantes y principales expresiones repetidas. | |
| 526 | _aSEG42 | ||
| 526 | _aSEG41 | ||
| 526 | _aSEG40 | ||
| 526 | _aSEG39 | ||
| 526 | _aP94 | ||
| 526 | _aP87 | ||
| 526 | _aP86 | ||
| 526 | _aP85 | ||
| 526 | _aP77 | ||
| 526 | _aP76 | ||
| 526 | _aP35 | ||
| 541 | _g001-0000606; | ||
| 630 | 0 | 4 |
_aBiblia. _pN.T. _pEvangelios _xComentarios. |
| 910 |
_agl _bjv _cng _d20121023 |
||
| 942 |
_2ddc _cBOOK |
||
| 949 |
_a226 R54 2010 _wDEWEY _c1 _i65681 _lCCODEBUL1 _mBUL _p36.00 _r0 _sY _tBOOK _u2015-7-6 _xTEOLOGIA _PP35 _o.STAFF. Colección Teología |
||
| 994 |
_aC0 _bPEPRU |
||
| 596 | _a1 | ||
| 999 |
_a226 R54 2010 _wDEWEY _c54115 _i65681 _d54115 _e2016-5-22 _f2021-11-9 _g5 _lCCODEBUL1 _mBUL _n2 _p36.00 _q1 _r0 _sY _tBOOK _u2015-7-6 _xTEOLOGIA _PP35 _0COMPRA _o.STAFF. Colección Teología |
||
| 980 |
_81 _gALBERTO SANCHEZ Responsable de Automatización |
||